000 00309nam a22001337a 4500
008 170524b xxu||||| |||| 00| 0 eng d
020 _a9780070119505
041 _aeng
080 _23RD
_a62
100 _a26
101 _aIM
245 _aELECETRIC MACHINERY FUNDAMENTALS
_cCHAPMAN, S.J
942 _2udc
_cBK
999 _c13962
_d13962